000 00743nam a2200193 i 4500
001 82503
003 ES-MaACL
007 t|
008 041110s1981 sp ||||1| spa d
100 1 _aIbn al-Jatib, Muhammad b. Abd Allah.
_964999
245 1 0 _aLibro de la magia y de la poesía
_b: antología /
_cLisán alaDin Ibn Al-Jatib ; edición y traducción [del árabe] por J.M. Continente Ferrer.
260 _aMadrid :
_bInstituto Hispano-Arabe de Cultura,
_c1981.
300 _aL, 208 p. 104 h. ;
_c24 cm.
500 _aTexto en español y árabe.
500 _aIndice bibliográfico de poetas: p. [179]-204.
504 _aBibliografía: p. [205]-208.
700 1 _aContinente Ferrer, J. M.
_940294
852 _aES-MaACL
_jL-4202
_bR.103898
999 _c82503
_d82503